000 00340nam a22001457a 4500
005 20170406102954.0
008 170406b xxu||||| |||| 00| 0 eng d
020 _a81-7133-785-6
041 _aeng
100 _aSRIVASTAVA, H.S.
_93830
245 _aPLANT PHYSIOLOGY
260 _aMEERUT
_bRASTOGI PUBLICATION
300 _a446
942 _cBK
999 _c5426
_d5424